000
00303nam a2200133Ia 4500
005
20260328101509.0
008
260328s9999||||xx |||||||||||||| ||und||
100
_a
Huse, Norbert
245
0
_a
Le Corbusier /
_c
Norbert Huse
260
_b
Salvat
300
_a
171 p.
650
_a
ARQUITECTOS
942
_c
BK
999
_c
9128
_d
9128